Najbliższe Gwiazdy Ziemi - Statystyki

Ogólne statystyki
  • Ten quiz został rozwiązany 76 razy
  • Średni wynik to 2 z 10
Statystyki odpowiedzi
Gwiazdozbiór Lata Świetle Gwiazdy % Poprawnych
--- 8,3 min Słońce
68%
Centaur 4,24 Proxima
64%
Wielki Pies 8,60 Syriusz
49%
Centaur 4,32 Alfa A
8%
Centaur 4,32 Alfa B
8%
Wężownik 5,96 Bernarda
2%
Erydan 10,49 Epsilion
2%
Lew 7,89 Wolf
2%
Łabędź 11,40 Cygni A
0%
Łabędź 11,41 Cygni B
0%
Nie znaleziono quizów pasujących do podanych kryteriów
Rozkład punktacji
Procent ludzi z każdym wynikiem
Percentyl według liczby udzielonych odpowiedzi
Twoja historia wyników
Nie rozwiązałeś tego quizu